Представление документа в формате RUSMARC

ПолеНазваниеЗначение
  Тип записи a
  Библиографический уровень m
001 Контрольный номер RU/IS/BASE/532192609
005 Дата корректировки 20240207193753.5
010 Индекс ISBN __
a ISBN 978-5-17-089647-9
d Цена 116 р. 49 к.
9 Тираж 5000 экз.
100 Данные общей обработки __
a Данные общей обработки 20161111d2016 ||| 0rusy0189 ca
101 Язык документа 0_
a Язык текста rus
102 Страна публикации __
a Страна публикации RU
105 Кодированные данные (монография) __
a Кодированные данные (монография) y###||||000|y
200 Заглавие и сведения об ответственности 1_
a Заглавие Кто развесил в лесу кружева?
b Общее обозначение материала Текст
f Первые сведения об ответственности Ю. Аракчеев
f Первые сведения об ответственности рис. В. Бастрыкина
e Сведения, относящиеся к заглавию для младшего школьного возраста
210 Выходные данные 1_
a Место издания Москва
c Издательство Аванта
d Дата издания [2015]
215 Физическое описание __
a Объем 46, [1] с.
c Иллюстрации/тип воспроизводства цв. ил.
d Формат 21 см.
225 Серия 1_
a Серия Почемучкины книжки
300 Общие примечания __
a Общие примечания 0+
606 Тематические рубрики 1_
a Основная рубрика Членистоногие - Пауки
610 Ключевые слова 1_
a Ключевые слова пауки
a Ключевые слова членистоногии
a Ключевые слова виды пауков
a Ключевые слова зоология для детей
686 Индексы других классификаций __
a Классификационный индекс 28.691.8
2 Код системы rubbk
700 Автор _1
a Фамилия Аракчеев
b Имя (инициалы) Юрий Сергеевич
801 Источник записи _0
a Страна RU
b Организация Ульяновская ОБДЮ
c Дата составления 20161111
g Правила каталогизации RCR
801 Источник записи _1
a Страна RU
b Организация Ульяновская ОБДЮ
c Дата составления 20161111
g Правила каталогизации RCR
852 Данные о местонахождении __
a Наименование организации Ульяновская ОБДЮ
i Авторский знак А 79
j Шифр хранения 28.691
901 Тип документа __
t Тип документа m
909 Создатель записи __
a Создатель записи Бондаренко В.А.
910 Корректоры записи __
a Корректор записи Бондаренко В.А.
919 __
a Бондаренко В.А.
c Бондаренко В.А.
938 Служебная информация __
a Имя БД MarkBase